Normal view
MARC view
Entry Topical Term
001 - CONTROL NUMBER
- control field: 21087
003 - CONTROL NUMBER IDENTIFIER
- control field: ARRUPE
005 - DATE AND TIME OF LATEST TRANSACTION
- control field: 20151112115648.0
008 - FIXED-LENGTH DATA ELEMENTS
- fixed length control field: 151112|| aca||aabn | a|a d
040 ## - CATALOGING SOURCE
- Original cataloging agency: ARRUPE
- Transcribing agency: ARRUPE
150 ## - HEADING--TOPICAL TERM
- Topical term or geographic name as entry element: Philosophy
- Geographic subdivision: Africa.
670 ## - SOURCE DATA FOUND
- Source citation: Work cat.: (ARRUPE)0: Eboussi Boulaga, F. (Fabien) 21042, L'affaire de la philosophie africaine :, 2011.